LEADER 01077nas 2200289 450 001 000027649 005 20100316084335.0 011 $a1971-4815 100 $a20100316a----9999km-y0itay50------ba 101 0 $aita 102 $aIT 110 $aaiuz---0uu- 200 1 $aAM$eAntropologia museale$erivista quadrimestrale della Società italiana per la Museografia e i Beni Demoetnoantropologici 210 $aImola$cLa Mandragora 215 $av.$d30 cm. 300 $aDescrizione basata su: vol. 5, n.17 (2007) 517 1 $aAntropologia museale 676 $a069.05$v(21. ed.)$9Museologia. Pubblicazioni in seriei 712 02$aSocieta italiana per la museografia e i beni demoetnoantropologici 801 0$aIT$bUniversità della Basilicata - B.I.A.$gRICA$2unimarc 912 $a000027649 958 $aBIA PSU$c2007;$tA 996 $aAM$966267 997 $aUNIBAS CAT $aAGD$b30$c20100316$lBAS01$h0843 FMT Z30 -2$lBAS01$LBAS01$mISSUE$1BASA1$APolo Storico-Umanistico$2GEN$BCollezione generale$3PCE$5L109430$820100316$f98$FConsultazione$i20100316$j20100316 LEADER 00997nam--2200349---450- 001 990005924650203316 005 20140127121443.0 010 $a88-7088-343-4 035 $a000592465 035 $aUSA01000592465 035 $a(ALEPH)000592465USA01 035 $a000592465 100 $a20140127d1997----km-y0itay50------ba 101 $aita$agrc 102 $aIT 105 $a||||||||001yy 200 1 $aMemorie epicuree$e(PHerc. 1418 e 310)$fFilodemo$gedizione, traduzione e commento a cura di Cesira Militello 210 $aNapoli$cBibliopolis$d1997 215 $a353 p.$d24 cm 225 2 $a<> scuola di Epicuro$v16 410 0$12001$a<> scuola di Epicuro$v16 676 $a187 700 1$aPHILODEMUS$0155469 702 1$aMILITELLO$bCesira 801 0$aIT$bsalbc$gISBD 912 $a990005924650203316 951 $aFG 120,13$b7262 DSA 959 $aBK 969 $aDSA 979 $aDSA$b90$c20140127$lUSA01$h1214 996 $aMemorie epicuree$9491298 997 $aUNISA